00392nam a2200157Ia 45000010006000000050017000060080041000230410008000640820024000721000028000962450057001242600009001813000028001906500008002186540008002261817020260306171611.0260306s9999||||xx |||||||||||||| ||und|| aESP a658.4012bP78S 2003 aPorter, Michael E.eAUT 0aSer competitivo:bnuevas aportaciones y conclusiones c2003 a478 páginas :c23 cm. aGEN aCAN